Central Library OPAC University of Rajshahi

Counseling and accountability : (Record no. 29180)

MARC details
000 -LEADER
fixed length control field 01070nam a22003372a 4500
001 - CONTROL NUMBER
control field 29180
003 - CONTROL NUMBER IDENTIFIER
rucl marc code BD-RjUL
005 - DATE AND TIME OF LATEST TRANSACTION
control field 20211209051400.0
008 - FIXED-LENGTH DATA ELEMENTS--GENERAL INFORMATION
fixed length control field 140402s1973 nyu b 001 0 eng d
020 ## - INTERNATIONAL STANDARD BOOK NUMBER
International Standard Book Number 0080176844 (pbk.)
International Standard Book Number 0080170293
035 ## - SYSTEM CONTROL NUMBER
System control number (BD-RjUL)29265
040 ## - CATALOGING SOURCE
Original cataloging agency DLC
Transcribing agency DLC
Modifying agency BD-RjUL
Language of cataloging eng
041 ## - LANGUAGE CODE
Language code of text/sound track or separate title eng
082 00 - DEWEY DECIMAL CLASSIFICATION NUMBER
Classification number 616.8914
Author mark and year BUC 1973
100 1# - MAIN ENTRY--PERSONAL NAME
Personal name Burck, Harman D.
9 (RLIN) 89085
245 10 - TITLE STATEMENT
Title Counseling and accountability :
Statement of responsibility, etc. Harman D. Burck, Harold F. Cottingham [and] Robert C. Reardon
Remainder of title methods and critique /
260 ## - PUBLICATION, DISTRIBUTION, ETC. (IMPRINT)
Place of publication, distribution, etc. New York :
Name of publisher, distributor, etc. Pergamon Press,
Date of publication, distribution, etc. c1973.
300 ## - PHYSICAL DESCRIPTION
Pagination xii, 279 p. ;
Size 23 cm.
490 1# - SERIES STATEMENT
Series statement Pergamon general psychology series ;
Volume/sequential designation 30
504 ## - BIBLIOGRAPHY, ETC. NOTE
Bibliography, etc Includes bibliographies and index.
650 #0 - SUBJECT ADDED ENTRY--TOPICAL TERM
Topical term or geographic name as entry element Psychiatry
General subdivision Research.
9 (RLIN) 3999
Topical term or geographic name as entry element Counseling
9 (RLIN) 89086
700 1# - ADDED ENTRY--PERSONAL NAME
Personal name Cottingham, Harold F.
Personal name Reardon, Robert C.
830 #0 - SERIES ADDED ENTRY--UNIFORM TITLE
Volume number/sequential designation 30
830 #0 - SERIES ADDED ENTRY--UNIFORM TITLE
Uniform title Pergamon general psychology series ;
942 ## - ADDED ENTRY ELEMENTS (KOHA)
Source of classification or shelving scheme Dewey Decimal Classification
Koha item type Books
Holdings
Lost status Source of classification or shelving scheme Damaged status Not for loan Collection code Permanent Location Current Location Shelving location Date acquired Source of acquisition Total Checkouts Full call number Date last seen Copy number Koha item type
  Dewey Decimal Classification   Added to bundle Non-fiction Central Library, University of Rajshahi Central Library, University of Rajshahi Reading Room 15/05/1983 Asia Foundation   616.8914 BUC 1973 02/04/2014 C-1 Books
  Dewey Decimal Classification     Non-fiction Central Library, University of Rajshahi Central Library, University of Rajshahi   15/05/1983 Asia Foundation   616.8914 BUC 1973 02/04/2014 C-2 Books